000 00329nam a22001457a 4500
008 221118b ||||| |||| 00| 0 eng d
020 _a9780863776038
041 _aeng
080 _2volume 4
_a51
082 _a51BUT
100 _a22.2
101 _aMATE
245 _aMATHEMATICAL COGNITION
_cBUTTERWORTH B
942 _2udc
_cBK
999 _c58937
_d58937